UBT Library

Genetics: (Record no. 47260)

000 -LEADER
fixed length control field 00534pam a2200217 4500
001 - CONTROL NUMBER
control field 4087677
005 - DATE AND TIME OF LATEST TRANSACTION
control field 20180822075443.0
008 - FIXED-LENGTH DATA ELEMENTS--GENERAL INFORMATION
fixed length control field 731129t19741972nyua 001 0 eng
010 ## - LIBRARY OF CONGRESS CONTROL NUMBER
LC control number 73021553
020 ## - INTERNATIONAL STANDARD BOOK NUMBER
International Standard Book Number 0393092674
040 ## - CATALOGING SOURCE
Original cataloging agency DLC
Transcribing agency DLC
Modifying agency DLC
041 ## - LANGUAGE CODE
Language code of text/sound track or separate title eng
060 ## - NATIONAL LIBRARY OF MEDICINE CALL NUMBER
Classification number SF105 L616g 1958
080 ## - UNIVERSAL DECIMAL CLASSIFICATION NUMBER
Universal Decimal Classification number 575.1
082 00 - DEWEY DECIMAL CLASSIFICATION NUMBER
Classification number 575.1
100 1# - Rafti
Rafti 6
101 ## - Shkurtesa
Shkurtesa GEN
245 10 - TITLE STATEMENT
Title Genetics:
Statement of responsibility, etc [by] I. J. Pedder & E. G. Wynne.
906 ## - LOCAL DATA ELEMENT F, LDF (RLIN)
a 7
b cbc
c orignew
d 1
e ocip
f 19
g y-gencatlg
942 ## - ADDED ENTRY ELEMENTS (KOHA)
Source of classification or shelving scheme
Item type Books
Holdings
Withdrawn status Lost status Source of classification or shelving scheme Damaged status Not for loan Collection code Permanent location Current location Shelving location Date acquired Total Checkouts Full call number Barcode Date last seen Price effective from Koha item type
          Koleksioni i përgjithshem UBT - Lipjan UBT - Lipjan Koleksioni i përgjithshem 08/22/2018   575.1 PED 002-3011307 08/22/2018 08/22/2018 Books
UBT Library © 2015-2024. All rights reserved University Education for Business and Technology